[Event "27th CRO-chT 1A-Men 2018"]
[Site "Biograd"]
[Date "2018.09.13"]
[Round "6.21"]
[White "Markus, Robert"]
[Black "Lalic, Bogdan"]
[Result "1/2-1/2"]
[WhiteElo "2613"]
[BlackElo "2403"]
[Annotator "TA"]
[PlyCount "89"]
[EventDate "2018.09.08"]
[EventType "team-tourn"]
[EventCountry "CRO"]
[SourceTitle "playchess.com"]
[Source "ChessBase"]
[SourceQuality "1"]

{[%evp 24,89,1,0,0,12,-8,-18,0,-20,0,0,0,0,0,0,26,19,17,0,-3,-7,6,6,4,3,22,0,34,43,42,43,56,67,91,63,63,74,63,16,25,14,29,0,7,4,9,8,7,0,0,0,8,8,8,10,12,0,5,0,0,0,0,0,0,0,0,0]} 1. d4 Nf6 2. c4 e6 3. Nf3 d5 4. g3 Be7 5. Bg2 O-O 6. O-O dxc4 7. Qc2 a6 8. Qxc4 b5 9. Qc2 Bb7 10. Bd2 Ra7 {E05: Open Catalan: 5 Nf3 Be7} 11. a4 Be4 12. Qc1 b4 13. Bg5 {LiveBook: 4 Games} Nbd7 14. Nbd2 {[#] aiming for Bxf6.} Bd5 15. Qc2 c5 16. Rac1 {[#]} (16. e4 {keeps more tension.} Ba8 17. e5 Ng4 18. Bxe7 Qxe7 19. Rfe1) 16... cxd4 $146 ({Predecessor:} 16... Rc7 17. Rfd1 h6 18. Bf4 {1-0 (44) Miton,K (2589)-Palo,D (2519) Aarhus 2005}) 17. Nxd4 {Strongly threatening Bxd5.} Bxg2 18. Kxg2 {[#] Nc6 is the strong threat.} Nc5 19. Bxf6 Bxf6 20. N4f3 Rc7 21. Nb3 Nxb3 22. Qxb3 Qc8 23. Rxc7 Qxc7 24. Qxb4 Qc2 25. e3 (25. e4 {is interesting.} Qxb2 26. Qc4 g5 27. h3 Qb7 28. Rc1) 25... Qxb2 (25... g6 {with more complications.} 26. h4 h6 27. Qb7 Qxa4 28. Rc1 Qb5) 26. Qxb2 Bxb2 $11 {[%mdl 4096] Endgame KRB-KRN} 27. Rb1 Bf6 28. Rb7 a5 29. Nd2 Bc3 30. Nc4 g6 31. g4 f5 32. g5 Rc8 33. Nb6 (33. Nd6 $5 {[%cal Rd6c8]} Rd8 34. Nb5 $14) 33... Rc6 {The position is equal.} 34. Kf3 Bg7 35. Rb8+ Kf7 36. Rb7+ Kg8 37. Kg2 Rc2 38. Ra7 Rb2 39. Nd7 Bc3 40. Kf1 Ra2 41. Nc5 e5 42. Ra8+ Kf7 43. Ra7+ Kg8 44. Ra8+ Kf7 45. Ra7+ {Precision: White = 56%, Black = 58%.} 1/2-1/2

[Event "27th CRO-chT 1A-Men 2018"]
[Site "Biograd"]
[Date "2018.09.13"]
[Round "6.22"]
[White "Plenkovic, Zdenko"]
[Black "Kuljasevic, Davorin"]
[Result "0-1"]
[WhiteElo "2418"]
[BlackElo "2548"]
[Annotator "TA"]
[PlyCount "110"]
[EventDate "2018.09.08"]
[EventType "team-tourn"]
[EventCountry "CRO"]
[SourceTitle "playchess.com"]
[Source "ChessBase"]
[SourceQuality "1"]

{[%evp 17,110,-20,-18,-22,-19,-18,10,0,0,-11,-10,-13,0,0,-5,-5,0,-9,-9,-6,0,0,0,-19,-20,-49,-30,-43,-14,-49,-34,-70,-43,-54,-23,-27,0,0,0,0,0,0,0,0,0,-86,0,-2,6,0,0,0,0,0,13,14,33,0,0,-11,-14,-11,-13,-98,-14,-18,-18,-18,-18,-18,-18,-18,-18,-18,-25,-25,-18,-22,-35,-78,-75,-70,-73,-73,-58,-113,-114,-553,-545,-993,-887,-1125,-1086,-1482,-1622]} 1. e4 e5 2. Nf3 Nc6 3. Bb5 a6 4. Be2 Nf6 5. Nc3 d5 6. exd5 {C68: Ruy Lopez: Exchange Variation, sidelines} Nxd5 7. d3 Be7 8. O-O O-O 9. Re1 Re8 {LiveBook: 4 Games} 10. Bf1 $146 ({Predecessor:} 10. h3 h6 11. Bf1 Bf8 12. Bd2 Bf5 {1-0 (48) Gopal,G (2553)-Fang,Y (2323) Sharjah 2014}) 10... Bb4 11. Bd2 Bg4 12. h3 Bh5 13. a3 Nxc3 14. bxc3 Bc5 15. g4 Bg6 16. Ng5 Bb6 (16... e4 {with more complications.} 17. d4 Nxd4 18. cxd4 Qxd4 19. Be3 Qxd1 20. Raxd1 Bxe3 21. Rxe3 h6) 17. Bg2 f6 18. Ne4 Rb8 19. Qf3 Rf8 20. Ng3 (20. a4 {keeps more tension.} Qd7 21. Qg3 Kh8 22. Be3 Ba5 23. Bd2) 20... Ne7 21. Be3 Bxe3 22. fxe3 Bf7 23. Rab1 Bd5 24. Ne4 b6 25. Rf1 Kh8 26. c4 Be6 27. Qg3 Qd7 28. Rf2 Ng6 29. Rbf1 Rbe8 30. Rf3 Kg8 31. Nf2 (31. R3f2 $11) 31... Qd6 (31... Qa4 $17 32. h4 Qxc2) 32. h4 e4 33. Nxe4 Qxg3 34. Rxg3 Nxh4 35. Bh1 h6 36. Nc3 $1 Ng6 37. Bc6 Rd8 (37... Rb8 {is interesting.} 38. Be4 Ne5 39. Nd5 c6 40. Ne7+ Kf7) 38. Bd5 Bxd5 39. Nxd5 Rd7 40. Kf2 {[#]} (40. Nc3 $11) 40... Ne5 (40... b5 $1 $17 41. d4 bxc4) 41. e4 b5 42. c5 Re8 43. a4 c6 44. Nb6 Rdd8 45. Ke3 Nf7 46. Rgg1 Ng5 47. axb5 axb5 48. c4 {[#]} Ne6 $1 $36 {[%cal Re6c5][%mdl 2048] Keeping White busy.} 49. Rf5 b4 {[%cal Bb5b4,Bb4b3][%mdl 32]} 50. Rb1 Nd4 51. Rf2 (51. Rh5 $15) 51... b3 $17 52. Nd5 $2 {[%mdl 8192]} (52. Kd2 $17) 52... cxd5 $19 {[%cal Bc6d5,Bd5e4][%mdl 32] Black is clearly winning.} 53. Kxd4 dxe4+ 54. Kc3 Rxd3+ 55. Kb4 Rb8+ {Precision: White = 49%, Black = 49%.} 0-1

[Event "27th CRO-chT 1A-Men 2018"]
[Site "Biograd"]
[Date "2018.09.13"]
[Round "6.23"]
[White "Plenca, Jadranko"]
[Black "Loncar, Robert"]
[Result "1/2-1/2"]
[WhiteElo "2477"]
[BlackElo "2409"]
[Annotator "TA"]
[PlyCount "43"]
[EventDate "2018.09.08"]
[EventType "team-tourn"]
[EventCountry "CRO"]
[SourceTitle "playchess.com"]
[Source "ChessBase"]
[SourceQuality "1"]

{[%evp 19,43,8,22,12,29,12,16,10,22,22,8,18,38,30,56,39,59,30,59,45,59,59,65,65,69,61]} 1. e4 e5 2. Nf3 Nc6 3. Bb5 a6 4. Ba4 Nf6 5. d3 d6 6. c4 {[%cal Bc2c4,Bc4c5][%mdl 32]} g6 7. Nc3 Bg7 8. Nd5 {C77: Ruy Lopez: 3...a6 4 Ba4 Nf6, unusual lines} h6 9. Nb4 Bd7 10. Nxc6 bxc6 {LiveBook: 3 Games} 11. c5 O-O 12. O-O Re8 13. Re1 d5 {[#]} 14. Bd2 $146 ({Predecessor:} 14. Nd2 Nh5 15. g3 Rf8 {1-0 (58) Kuzmin,G (2545)-Giorgadze,T (2530) Erevan (Armenia) 1981}) 14... a5 15. h3 Kh7 16. a3 {[%cal Ba2a3,Ba3b4][%mdl 32]} Ra6 17. b4 axb4 18. axb4 Qa8 19. Bc3 {White is slightly better.} d4 20. Bd2 $1 Nh5 21. Bb3 Be6 22. Bxe6 {Precision: White = 59%, Black = 48%.} 1/2-1/2

[Event "27th CRO-chT 1A-Men 2018"]
[Site "Biograd"]
[Date "2018.09.13"]
[Round "6.24"]
[White "Sale, Srdjan"]
[Black "Jovanic, Ognjen"]
[Result "1-0"]
[WhiteElo "2428"]
[BlackElo "2512"]
[Annotator "TA"]
[PlyCount "79"]
[EventDate "2018.09.08"]
[EventType "team-tourn"]
[EventCountry "CRO"]
[SourceTitle "playchess.com"]
[Source "ChessBase"]
[SourceQuality "1"]

{[%evp 19,79,-21,0,-22,-17,-25,-26,-40,-26,-20,0,0,19,0,0,0,0,0,0,0,0,0,0,3,21,20,8,16,21,19,38,37,62,54,82,85,144,88,96,16,16,29,67,71,67,79,87,70,737,737,7336,3047,2358,2221,29992,29993,29993,29994,29994,29995,29995,29996]} 1. e4 c5 2. Nf3 e6 3. d3 Nc6 4. g3 Nf6 5. Bg2 d5 6. Nbd2 Be7 7. O-O Qc7 8. Re1 b6 9. a3 Bb7 10. c3 O-O 11. e5 {C00: French: Unusual White 2nd moves} (11. Qe2 dxe4 12. dxe4 Rfd8 13. e5 Nd7 14. h4 Nf8 15. h5 h6 16. Bf1 Rd7 17. Qc4 Nh7 18. Qe2 Rad8 {0-1 (29) Pancevski,F (2442)-Kosic,D (2502) Porto Carras 2011}) 11... Nd7 {[%cal Rc6e5]} 12. Qe2 b5 13. Nf1 {Black has an edge.} d4 $146 ({Predecessor:} 13... a5 14. Bf4 b4 15. h4 Ba6 16. h5 bxc3 17. bxc3 Rab8 18. h6 g6 {1-0 (36) Garcia,R (2268)-Olivera,H (2125) Caba 2018}) 14. cxd4 cxd4 15. Bf4 b4 16. axb4 Nxb4 17. Rec1 Nc5 18. Bd2 a5 19. Bxb4 axb4 20. Rxa8 Rxa8 21. Nxd4 Bxg2 22. Kxg2 Qb7+ 23. Kh3 Ra2 24. Ne3 Qd7 25. Rc4 b3 26. Nd1 g6 27. Nc3 {Black must now prevent Nxb3!} Ra1 {[#]} (27... Qb7 $142) 28. Ne4 ({White should try} 28. Rxc5 $1 {[%mdl 512]} Qxd4 (28... Bxc5 29. Nxb3) 29. Rb5) 28... Nxe4 $16 29. Qxe4 (29. dxe4 $16 {Threatens to win with Qd3.} Ra2 30. Qd2 (30. Nxb3 Qb7 $16)) 29... Ra2 $11 30. Qe2 Ba3 31. Qf3 $1 Bxb2 ({But not} 31... Rxb2 $2 32. Qa8+ Kg7 33. Qxa3 $18) 32. Nc6 $1 Ba3 {[#]} 33. Rd4 $1 {[%cal Rd4d7] [#]} Qxd4 $4 {[%mdl 8192]} (33... Rxf2 $1 $14 {[%mdl 512]} 34. Qxf2 (34. Rxd7 $2 {loses.} Rxf3 35. Na5 b2 $19) 34... Qxc6) 34. Nxd4 $18 b2 35. Qa8+ Kg7 36. Qb7 {White threatens Nxe6+ and mate.} Kh6 37. Qxf7 {White mates.} b1=Q 38. Nxe6 Qf1+ 39. Kh4 {[%csl Ge6][%cal Rf7g7]} g5+ 40. Nxg5 {Precision: White = 79%, Black = 35%.} 1-0

[Event "27th CRO-chT 1A-Men 2018"]
[Site "Biograd"]
[Date "2018.09.13"]
[Round "6.25"]
[White "Braun, Arik"]
[Black "Abasov, Nijat"]
[Result "1-0"]
[WhiteElo "2581"]
[BlackElo "2632"]
[Annotator "TA"]
[PlyCount "47"]
[EventDate "2018.09.08"]
[EventType "team-tourn"]
[EventCountry "CRO"]
[SourceTitle "playchess.com"]
[Source "ChessBase"]
[SourceQuality "1"]

{[%evp 9,47,6,27,26,33,32,27,30,57,59,106,104,69,94,105,98,144,152,153,150,151,129,177,173,174,160,291,290,297,285,495,489,482,462,469,428,1293,1303,29994,29995]} 1. d4 Nf6 2. c4 e6 3. Nc3 Bb4 4. Bd2 b6 5. f3 c5 {LiveBook: 3 Games} 6. d5 {E20: Nimzo-Indian: 4 g3 and 4 f3} exd5 7. cxd5 O-O 8. e4 {White has an edge.} Re8 (8... d6 9. a3 Ba5 10. Nge2 a6 11. Ng3 b5 12. Be2 Nbd7 13. O-O {½-½ (59) Stern,R (2513)-Kryvoruchko,Y (2696) Germany 2014}) 9. Nge2 $146 ({Predecessor:} 9. Nh3 d6 10. Nf2 Nbd7 11. Be2 {½-½ (11) Albrecht,R (2109)-Schneider,C (2211) Berlin 2014}) 9... Ba6 10. Ng3 Bxf1 11. Kxf1 g6 12. a3 Bxc3 13. Bxc3 d6 14. Qd2 Nbd7 15. Qh6 b5 {[#]} ({Much worse is} 15... Ne5 16. h3 $14) 16. h4 $1 ({Weaker is} 16. f4 Qe7 $11) 16... Ne5 17. Rh3 $40 {[%cal Bh1h3,Bh3g3,Bg3g5][%mdl 160] White has strong attack.} b4 (17... Kh8 $16 {was worth a try.} 18. h5 Ng8) 18. axb4 $18 cxb4 19. Bd4 ({Much less strong is} 19. Bxb4 $6 Rc8 $18) 19... Qc8 $2 {[#]} (19... Kh8 20. h5 Rg8 21. hxg6 Rxg6) 20. Nf5 $1 {[%csl Gf5][%cal Rh6g7][%mdl 512]} Qc4+ (20... gxf5 21. Bxe5) 21. Kg1 {[%csl Gf5][%cal Rh6g7]} Nh5 {[#]} 22. Rg3 $1 {[%mdl 512] Strongly threatening Qxh5.} Kh8 (22... Qxd4+ $142 23. Nxd4 Nxg3) (22... Nxg3 23. Qg7#) 23. Rg5 {White threatens Rxh5 and mate.} gxf5 24. Bxe5+ $1 {Precision: White = 97%, Black = 40%.} 1-0

[Event "27th CRO-chT 1A-Men 2018"]
[Site "Biograd"]
[Date "2018.09.13"]
[Round "6.26"]
[White "Bogut, Zeljko"]
[Black "Georgiev, Kiril"]
[Result "0-1"]
[WhiteElo "2415"]
[BlackElo "2590"]
[Annotator "TA"]
[PlyCount "117"]
[EventDate "2018.09.08"]
[EventType "team-tourn"]
[EventCountry "CRO"]
[SourceTitle "playchess.com"]
[Source "ChessBase"]
[SourceQuality "1"]

{[%evp 21,117,0,2,-18,-12,-27,-23,-23,-7,-18,-18,-36,-18,-9,-8,-52,-49,-55,-57,-56,-52,-126,-12,-22,-29,-94,-106,-106,-110,-145,-150,-127,-147,-143,-140,-140,-144,-250,-248,-246,-245,-244,-210,-395,-360,-300,-160,-154,-142,-155,-157,-173,-181,-181,-168,-171,-156,-165,-160,-181,-181,-181,-181,-183,-160,-204,-196,-201,-194,-194,-194,-187,-172,-175,-152,-160,-160,-158,-158,-177,-51,-55,-55,-55,-55,-50,-20,-35,-34,-41,-37,-223,-220,-306,-280,-279,-279,-29983]} 1. e4 e5 2. Nf3 Nc6 3. Bb5 a6 4. Ba4 Nf6 5. Qe2 b5 6. Bb3 Be7 7. O-O O-O 8. d3 d6 9. c3 Na5 10. Bc2 c5 11. Rd1 Re8 12. Nbd2 {C86: Closed Ruy Lopez: Worrall Attack} Bf8 13. Nf1 h6 (13... Bb7 14. Ng3 Rc8 15. Bg5 g6 16. h3 Bg7 17. Nh2 Qd7 18. Ng4 Nxg4 19. hxg4 d5 {0-1 (48) Mirzoian,M (2292)-Sarana,A (2457) Taganrog 2017}) 14. Ne3 {Black has an edge.} Nc6 15. a3 $146 ({Predecessor:} 15. h3 Bb7 16. Nh2 d5 17. Nhg4 Nxg4 18. hxg4 Ne7 19. c4 {1-0 (48) Fomina,T (2278)-Tallova,I (2108) Warsaw 2001}) 15... d5 {[%cal Bd6d5,Bd5d4][%mdl 32]} 16. a4 Rb8 17. axb5 axb5 18. Bb3 {[%cal Re3d5]} d4 19. Nd5 Be6 {[%cal Rf6d5]} 20. Nxf6+ Qxf6 21. Bd5 ({Better is} 21. Bxe6 $15 Qxe6 22. cxd4 exd4 23. Bf4) 21... Rb6 (21... Bxd5 $1 $17 22. exd5 Ne7) 22. Bxe6 (22. Nd2 {feels hotter.} Bd6 23. c4 Bc7 24. b3 Qg6 25. Ba3) 22... Qxe6 23. cxd4 (23. Nd2 $11) 23... exd4 $17 24. Nd2 Nb4 25. b3 {[#]} Nd5 $1 {[%mdl 512]} 26. Qf1 (26. exd5 Qxe2) 26... Nc3 27. Re1 Ra6 $1 $36 {[%cal Ra6a1][%mdl 2048] White is under strong pressure.} 28. Bb2 Rea8 $1 29. Rac1 (29. Rxa6 $17 Rxa6 30. Ra1) 29... Ra2 $19 30. Rc2 {[#]} c4 $1 {[%cal Rc4b3][%mdl 512]} 31. bxc4 Ba3 32. Rxc3 $2 (32. cxb5 {was the only defense.} Rxb2 33. Rxb2 Bxb2 34. Nc4) 32... dxc3 (32... Bxb2 $2 33. Rc2 $19) (32... Rxb2 $2 33. Rb3 $19) 33. Bxc3 b4 (33... Rc2 $19 34. Nb1 bxc4) 34. Ra1 $17 bxc3 35. Rxa2 {aiming for Nb1.} cxd2 36. Rxd2 Bb4 37. Rd1 Qe5 38. Qe2 Bc3 39. g3 Rb8 40. Rc1 Bd4 41. Kg2 g6 42. Rc2 Kg7 43. h4 h5 44. Ra2 Rb3 45. Qd1 Rb6 46. Qd2 Qe7 47. Qg5 Qxg5 48. hxg5 $19 {[%mdl 4096] Endgame KRB-KR} Rb3 49. Rd2 {[#]} Kf8 $1 50. f4 Be3 ({Black should play} 50... Ke7 $19 51. Kf3 Ke6) 51. Rd1 $15 Rb2+ 52. Kf3 Bd4 {[%csl Gd4][%cal Rb2f2]} 53. e5 Rb7 54. Rd2 Ke7 55. Ke4 Rd7 56. Kf3 $2 (56. Rd1 $15) 56... Bc5 $19 57. g4 hxg4+ 58. Kxg4 Be3 59. f5 $2 {Precision: White = 34%, Black = 69%.} (59. Ra2 $19) 0-1

[Event "27th CRO-chT 1A-Men 2018"]
[Site "Biograd"]
[Date "2018.09.13"]
[Round "6.27"]
[White "Muse, Drazen"]
[Black "Galic, Ivan"]
[Result "1/2-1/2"]
[WhiteElo "2352"]
[BlackElo "2416"]
[Annotator "TA"]
[PlyCount "21"]
[EventDate "2018.09.08"]
[EventType "team-tourn"]
[EventCountry "CRO"]
[SourceTitle "playchess.com"]
[Source "ChessBase"]
[SourceQuality "1"]

{[%evp 15,21,0,27,6,34,18,45,20]} 1. d4 Nf6 2. Nf3 e6 3. c4 d5 4. Bg5 Be7 5. e3 h6 6. Bxf6 Bxf6 7. Nc3 O-O 8. Qc2 a6 {LiveBook: 4 Games. D55: Queen's Gambit Declined: 4 Bg5 Be7: Lines without ...h6 and 6...h6 7 Bxf6} (8... c5 9. dxc5 dxc4 10. Bxc4 Nd7 11. c6 Ne5 12. Nxe5 Bxe5 13. f4 Bf6 14. Ne4 Be7 15. Kf2 Qc7 16. Rac1 Rd8 17. Be2 bxc6 {½-½ (42) Bluebaum,M (2633)-Bacrot,E (2714) Lemgo 2018}) 9. h4 {[%cal Bh2h4,Bh4h5][%mdl 32]} g6 10. O-O-O Nc6 11. h5 $146 ({Predecessor:} 11. g4 Bg7 12. Kb1 dxc4 13. Bxc4 b5 14. Be2 Bb7 15. Rh3 Qe7 16. Rc1 Rac8 17. Qd1 Rfd8 {0-1 (65) Yudin,I (2298)-Geivondian,A (2108) Moscow 2012}) 1/2-1/2

[Event "27th CRO-chT 1A-Men 2018"]
[Site "Biograd"]
[Date "2018.09.13"]
[Round "6.28"]
[White "Bender, Ivan"]
[Black "Jukic, Zdenko"]
[Result "1-0"]
[WhiteElo "2261"]
[BlackElo "2319"]
[Annotator "NA"]
[PlyCount "43"]
[EventDate "2018.09.08"]
[EventType "team-tourn"]
[EventCountry "CRO"]
[SourceTitle "playchess.com"]
[Source "ChessBase"]
[SourceQuality "1"]
[TimeControl "40/5400+30:1800+30"]

1. Nf3 {[%emt 0:00:30]} Nf6 {[%emt 0:00:30]} 2. c4 {[%emt 0:00:00]} e6 {[%emt 0:01:30]} 3. g3 {[%emt 0:02:00]} d5 {[%emt 0:00:30]} 4. Bg2 {[%emt 0:00:30]} dxc4 {[%emt 0:01:30] LiveBook: 3442 Games} 5. Qa4+ {[%emt 0:02:30]} Qd7 {[%emt 0:03:30]} 6. Qxc4 {[%emt 0:02:30]} Qc6 {[%emt 0:00:30]} 7. Na3 {[%emt 0:09:30]} Bxa3 {[%emt 0:04:30]} 8. Qxc6+ {[%emt 0:00:00]} Nxc6 {[%emt 0:00:30]} 9. bxa3 {[%emt 0:00:00]} Nd5 {[%emt 0:00:30]} 10. d3 {[%emt 0:05:30]} f6 {[%emt 0:02:30]} 11. Bd2 {[%emt 0:02:30]} Nce7 {[%emt 0:22:30]} 12. Rc1 {[%emt 0:05:30]} c6 {[%emt 0:01:30]} 13. Nd4 {[%emt 0:00:30]} e5 {[%emt 0:01:30]} 14. Nb3 {[%emt 0:00:00]} b6 {[%emt 0:15:30]} 15. O-O {[%emt 0:13:00]} Bb7 $14 {[%emt 0:04:30]} 16. Rb1 {[%emt 0:03:30]} O-O-O {[%emt 0:07:30]} 17. Rb2 {[%emt 0:00:30]} c5 {[%emt 0:18:17]} 18. e4 {[%emt 0:12:30]} Nc7 {[%emt 0:00:41]} 19. Bh3+ {[%emt 0:00:30]} Kb8 {[%emt 0:00:13]} 20. Nxc5 {[%emt 0:00:30]} Bc6 {[%emt 0:01:37]} 21. Rc1 {[%emt 0:05:30]} Nb5 {[%emt 0:05:17]} 22. Ne6 {[%emt 0:06:30]} 1-0

[Event "27th CRO-chT 1A-Men 2018"]
[Site "Biograd"]
[Date "2018.09.13"]
[Round "6.29"]
[White "Zovko, Mario"]
[Black "Brnas, Augustin"]
[Result "1/2-1/2"]
[WhiteElo "2328"]
[BlackElo "2190"]
[Annotator "NA"]
[PlyCount "94"]
[EventDate "2018.09.08"]
[EventType "team-tourn"]
[EventCountry "CRO"]
[SourceTitle "playchess.com"]
[Source "ChessBase"]
[SourceQuality "1"]
[TimeControl "40/5400+30:1800+30"]

1. e4 {[%emt 0:01:30]} e5 {[%emt 0:00:30]} 2. Nf3 {[%emt 0:00:30]} Nc6 {[%emt 0:00:30]} 3. Nc3 {[%emt 0:00:30]} Nf6 {[%emt 0:00:30]} 4. Bb5 {[%emt 0:00:00]} Bb4 {[%emt 0:08:30]} 5. O-O {[%emt 0:01:00]} O-O {[%emt 0:00:00]} 6. d3 {[%emt 0:00:00]} d6 {[%emt 0:06:00]} 7. Ne2 {[%emt 0:01:00]} Ne7 {[%emt 0:00:30]} 8. c3 {[%emt 0:00:00]} Ba5 {[%emt 0:00:30]} 9. Ng3 {[%emt 0:00:00]} Ng6 {[%emt 0:00:30]} 10. Re1 {[%emt 0:00:30] C49: Four Knights: 4 Bb5 Bb4} c6 {[%emt 0:01:30]} (10... a6 11. Ba4 b5 12. Bb3 c5 13. a4 Bd7 14. h3 b4 15. c4 Qc8 16. Be3 Ne8 17. Qd2 Bd8 {½-½ (31) Wang,H (2710)-Yu,Y (2759) Hangzhou 2018}) 11. Ba4 {[%emt 0:00:30]} Bb6 {[%emt 0:03:30]} 12. h3 {[%emt 0:02:30]} Be6 {[%emt 0:03:30]} 13. d4 {[%emt 0:01:30]} Qc7 $146 {[%emt 0:04:30]} ({Predecessor:} 13... exd4 14. Nxd4 d5 15. exd5 Bxd5 16. Ngf5 Qd7 {½-½ (31) Sasikiran,K (2632)-Kvetny,M (2389) Cappelle-la-Grande 2016}) 14. Bg5 {[%emt 0:02:30]} Ne8 {[%emt 0:00:30]} 15. Bc2 {[%emt 0:06:30]} f6 {[%emt 0:04:30]} 16. Be3 {[%emt 0:04:30]} Qf7 {[%emt 0:05:30]} 17. Bb3 {[%emt 0:06:30]} (17. a4 $16) 17... Nc7 {[%emt 0:03:30]} 18. Nf5 {[%emt 0:04:30]} Rad8 {[%emt 0:00:30]} 19. Qc2 {[%emt 0:01:30]} Ne7 {[%emt 0:04:30]} 20. N3h4 {[%emt 0:03:30]} Kh8 {[%emt 0:05:30]} 21. Nxe7 {[%emt 0:04:30]} Qxe7 {[%emt 0:00:00]} 22. a4 {[%emt 0:03:30]} Qf7 {[%emt 0:15:00]} 23. Bxe6 {[%emt 0:11:30]} Nxe6 {[%emt 0:00:30]} 24. Nf3 {[%emt 0:03:30]} exd4 {[%emt 0:00:30]} 25. cxd4 {[%emt 0:00:30]} d5 {[%emt 0:00:30]} 26. e5 {[%emt 0:01:30]} f5 {[%emt 0:02:30]} 27. a5 {[%emt 0:01:30]} Bc7 {[%emt 0:00:30]} 28. Ng5 {[%emt 0:00:30]} Nxg5 {[%emt 0:00:00]} 29. Bxg5 {[%emt 0:00:30]} Rde8 {[%emt 0:00:00]} 30. a6 {[%emt 0:07:30]} Re6 {[%emt 0:00:30]} 31. axb7 {[%emt 0:01:30]} Bb6 {[%emt 0:00:30]} 32. Rad1 {[%emt 0:02:30]} Qxb7 {[%emt 0:01:30]} 33. Rd3 {[%emt 0:01:30]} Qf7 {[%emt 0:02:30]} 34. Bd2 {[%emt 0:01:30]} Qe7 {[%emt 0:04:30]} 35. Qa4 {[%emt 0:03:30]} Re8 {[%emt 0:03:30]} 36. Rc1 {[%emt 0:01:30]} Qh4 {[%emt 0:00:30]} 37. f4 {[%emt 0:05:37]} Rc8 {[%emt 0:00:30]} 38. Kh2 {[%emt 0:02:04]} Qf2 {[%emt 0:00:37]} 39. Qb3 {[%emt 0:10:46]} Rg6 {[%emt 0:00:45] [#]} 40. Qxd5 $11 {[%emt 0:00:00]} Qe2 {[%emt 0:00:00]} 41. Qf3 {[%emt 0:06:03]} Rxg2+ {[%emt 0:04:38]} 42. Qxg2 {[%emt 0:00:30]} Qxd3 {[%emt 0:00:00]} 43. d5 {[%emt 0:00:30]} Be3 {[%emt 0:01:00]} 44. Bxe3 {[%emt 0:00:30]} Qxe3 {[%emt 0:00:30]} 45. Rxc6 {[%emt 0:00:30]} Qxf4+ {[%emt 0:00:00]} 46. Qg3 {[%emt 0:01:30]} Qd2+ {[%emt 0:00:00]} 47. Qg2 {[%emt 0:00:00]} Qf4+ {[%emt 0:00:30]} 1/2-1/2

[Event "27th CRO-chT 1A-Men 2018"]
[Site "Biograd"]
[Date "2018.09.13"]
[Round "6.30"]
[White "Ivankovic, Ivo"]
[Black "Cosic, Marin"]
[Result "1/2-1/2"]
[WhiteElo "2110"]
[BlackElo "2227"]
[Annotator "NA"]
[PlyCount "62"]
[EventDate "2018.09.08"]
[EventType "team-tourn"]
[EventCountry "CRO"]
[SourceTitle "playchess.com"]
[Source "ChessBase"]
[SourceQuality "1"]
[TimeControl "40/5400+30:1800+30"]

1. c4 {[%emt 0:00:30]} c6 {[%emt 0:03:30]} 2. d4 {[%emt 0:00:30]} d5 {[%emt 0:00:30]} 3. cxd5 {[%emt 0:00:30]} cxd5 {[%emt 0:00:30]} 4. Nf3 {[%emt 0:01:30]} Nf6 {[%emt 0:00:00] LiveBook: 4752 Games} 5. Bf4 {[%emt 0:00:30]} Nc6 {[%emt 0:01:00]} 6. e3 {[%emt 0:01:30] D13: Damengambit (Slawische Verteidigung, Abtauschvariante)} e6 {[%emt 0:02:30]} 7. Nbd2 {[%emt 0:02:30]} Be7 {[%emt 0:02:30]} (7... Qb6 8. Rb1 Nh5 9. Bg5 h6 10. Bh4 g5 11. Bg3 g4 12. Ne5 Nxg3 13. hxg3 Nxe5 14. dxe5 h5 {½-½ (30) Artemiev,V (2701)-Adhiban,B (2661) Sharjah 2018}) 8. Bd3 {[%emt 0:00:30]} Bd7 {[%emt 0:13:30]} 9. Rc1 $146 {[%emt 0:07:30]} ({Vorgänger:} 9. O-O O-O 10. a3 Rc8 11. Rc1 Nh5 12. Be5 f6 13. Bg3 Nxg3 14. hxg3 Kh8 15. Nh4 {0-1 (67) Kartsev,A (1693)-Zeldin,V (1888) Duisburg 2006}) 9... Qb6 {[%emt 0:07:30]} 10. Qb3 {[%emt 0:01:30]} Qxb3 {[%emt 0:08:30]} 11. Nxb3 {[%emt 0:00:30]} Nh5 {[%emt 0:03:30]} 12. Be5 {[%emt 0:02:30]} f6 {[%emt 0:01:30]} 13. Bc7 {[%emt 0:12:30]} Rc8 {[%emt 0:01:30]} 14. Bg3 {[%emt 0:01:30]} O-O {[%emt 0:05:30]} 15. O-O {[%emt 0:03:30]} Nxg3 {[%emt 0:04:30]} 16. hxg3 {[%emt 0:06:30]} Nb4 {[%emt 0:04:30]} 17. Bb1 {[%emt 0:01:30]} Bb5 {[%emt 0:01:30]} 18. Rxc8 {[%emt 0:00:30]} Rxc8 {[%emt 0:00:30]} 19. Rc1 {[%emt 0:00:30]} Rxc1+ {[%emt 0:07:30]} 20. Nxc1 {[%emt 0:00:30]} g6 {[%emt 0:01:30]} 21. a3 {[%emt 0:01:30]} Nc6 {[%emt 0:00:30]} 22. Bd3 {[%emt 0:06:30]} Ba4 $15 {[%emt 0:01:30]} 23. Ne2 {[%emt 0:06:30]} Na5 {[%emt 0:02:30]} 24. Nc3 {[%emt 0:00:30]} Bd7 {[%emt 0:00:30]} 25. Nd2 {[%emt 0:01:30]} Kf7 {[%emt 0:02:30]} 26. b4 {[%emt 0:00:30]} Nc6 {[%emt 0:00:30]} 27. Nb3 {[%emt 0:00:30]} b6 {[%emt 0:12:41]} 28. Kf1 {[%emt 0:01:30]} Ke8 {[%emt 0:00:57]} 29. Ke1 {[%emt 0:00:30]} Nd8 {[%emt 0:02:02]} 30. Nb5 {[%emt 0:04:30]} Nc6 {[%emt 0:01:25]} 31. Nc3 {[%emt 0:01:30]} Bd6 {[%emt 0:00:39]} 1/2-1/2